LDR 00745naa#a2200217#i#450# 001 EN\\bibl\116435 005 20260514003600.4 011 ## _a3034-6703 100 ## _a20260331b2026####ek#y0engy0150####ca 102 ## _aRU 200 1# _aImpact of Oil-Based Mud with Barite Weighting on DAFNA Formation Tester Transmitters _eJournal article 210 1# _aMoscow _cAssociation of Geologists, Geophysicists and Engineers _d2026 215 ## _a13 с. 608 ## _aJournal article _2local 700 #1 _aGallyamov _gShamil' Rashitovich 700 #1 _aTitorov _gMaxim Yurievich 700 #1 _aKuznecov _gDmitry Alexandrovich 700 #1 _aSayapov _gDmitry Vladimirovich 700 #1 _aIslamov _gLinar Ilshatovich 700 #1 _aMitkov _gMikhail Sergeevich 856 4# _aagge-vestnik.ru _u